01143cam a22003254a 450000100090000000300040000900500170001300800410003001000170007102000180008803500230010603500200012903800120014904000440016104200080020505000220021308200220023510000250025724500900028226000490037230000340042150400510045556300140050665000590052065000620057990600450064194200120068699900170069895201020071514288965OSt20211111121836.0060306s2007 paua b 001 0 eng  a 2006040905 a9780768014617 a(OCoLC)ocm64625018 a(OCoLC)64625018 aKhadija aDLCcDLCdYDXdOCLCQdBTCTAdYDXCPdDLC apcc00aTL210b.Z454 200700a629.2504222bZAR1 aZhao, Fuquan.98387910aTechnologies for near-zero-emission gasoline-powered vehicles /cFuquan (Frank) Zhao. aWarrendale, PA :bSAE International,cc2007. axvi, 464 p. :bill. ;c24 cm. aIncludes bibliographical references and index. aHardcover 0aAutomobilesxMotorsxTechnological innovations.983911 0aSpark ignition enginesxTechnological innovations.983912 a7bcbccorignewd1eocipf20gy-gencatlg 2ddccBK c33007d33007 00102ddc4070aSMMEbSMMEcGENd2015-12-17o629.2504 ZARpSMME-2029r2018-04-03w2015-12-17yBK